Baghawat e Gilgit / (Record no. 331106)

000 -LEADER
fixed length control field nam a22 7a 4500
003 - CONTROL NUMBER IDENTIFIER
control field NUST
005 - DATE AND TIME OF LATEST TRANSACTION
control field 20170913103338.0
008 - FIXED-LENGTH DATA ELEMENTS--GENERAL INFORMATION
fixed length control field 170913b xxu||||| |||| 00| 0 eng d
020 ## - INTERNATIONAL STANDARD BOOK NUMBER
International Standard Book Number 9789699385001
040 ## - CATALOGING SOURCE
Transcribing agency NUST
082 ## - DEWEY DECIMAL CLASSIFICATION NUMBER
Classification number 954.9122
Author Mark BRO
100 ## - MAIN ENTRY--PERSONAL NAME
Personal name Brown, William Alexander
9 (RLIN) 4558
245 ## - TITLE STATEMENT
Title Baghawat e Gilgit /
Statement of responsibility, etc. by William Alexander Brown, translated: Zafar Hayat Pal
260 ## - PUBLICATION, DISTRIBUTION, ETC.
Place of publication, distribution, etc. Lahore:
Name of publisher, distributor, etc. Maktaba Jamal,
Date of publication, distribution, etc. 2009
300 ## - PHYSICAL DESCRIPTION
Extent 326 p. ;
Other physical details ill.
546 ## - LANGUAGE NOTE
Language note In urdu
650 ## - SUBJECT ADDED ENTRY--TOPICAL TERM
Topical term or geographic name entry element Gilgit- North frontier- Pakistan
9 (RLIN) 4559
880 ## - ALTERNATE GRAPHIC REPRESENTATION
Linkage 100-01\(3\r
Title ولیم الیگزنڈر براؤن
880 ## - ALTERNATE GRAPHIC REPRESENTATION
Linkage 245-02\(3\r
Title بغاوت گلگت
c میجر ولیم الیگزنڈر براؤن، مترجم: ظفر حیات پال
880 ## - ALTERNATE GRAPHIC REPRESENTATION
Linkage 260-03\(3\r
Title لاہور:
b مکتبہ جمال،
c 2009
942 ## - ADDED ENTRY ELEMENTS (KOHA)
Source of classification or shelving scheme
Koha item type Book
Holdings
Withdrawn status Lost status Source of classification or shelving scheme Damaged status Not for loan Collection code Permanent Location Current Location Shelving location Date acquired Total Checkouts Total Renewals Full call number Barcode Checked out Date last seen Date last checked out Copy number Price effective from Koha item type
            Central Library (CL) Central Library (CL) Book Cart 09/13/2017 8 2 954.9122 BRO CL2741 03/02/2026 01/31/2026 01/31/2026 1 09/13/2017 Book
© 2023 Central Library, National University of Sciences and Technology. All Rights Reserved.